Ki aikido : unificación de la mente y el cuerpo : según las enseñanzas del Maestro Koichi Tohei /

Detalles Bibliográficos
Autor principal: Ruglioni, Giuseppe, 1953- (Autor)
Otros Autores: Pradas Aguilar, Carmen (Traductor)
Formato: Electrónico eBook
Lenguaje:español
italiano
Publicado: Barcelona : Editorial Paidotribo, [2010]
Edición:2a edición.
Materias:
Acceso en línea:Digitalia Hispánica

MARC

LEADER 00000nam a2200000Ii 4500
001 DIGEDPBR0300
003 NyNyDIG
006 m o d
007 cr |||||||||||
008 260105s2010 sp ao o 000 0 spa d
035 |a (OCoLC)1570096746 
040 |a DGITA  |b eng  |e rda  |e pn  |c DGITA 
020 |a 9788499108698  |q ePub 
020 |z 9788480196833 
041 1 |a spa  |h ita 
050 1 4 |a GV1114.35 ebook 
100 1 |a Ruglioni, Giuseppe,  |d 1953-  |e author. 
240 1 0 |a Unificazione mente-corpo e Ki Aikido.  |l Spanish  |s (Pradas Aguilar) 
245 1 0 |a Ki aikido :  |b unificación de la mente y el cuerpo : según las enseñanzas del Maestro Koichi Tohei /  |c Giuseppe Ruglioni ; traducción, Carmen Pradas Aguilar. 
250 |a 2a edición. 
264 1 |a Barcelona :  |b Editorial Paidotribo,  |c [2010] 
300 |a 1 online resource :  |b illustrations, photographs. 
336 |a text  |b txt  |2 rdacontent 
337 |a computer  |b c  |2 rdamedia 
338 |a online resource  |b cr  |2 rdacarrier 
347 |a text file  |2 rdaft 
347 |b EPUB 
588 0 |a Online resource; title from ePub title page (Digitalia, viewed January 5, 2026) 
650 0 |a Aikido. 
700 1 |a Pradas Aguilar, Carmen,  |e translator. 
700 1 |i Translation of:  |a Ruglioni, Giuseppe,  |d 1953-  |t Unificazione mente-corpo e Ki Aikido. 
791 2 |a Digitalia (Firm),  |e distributor. 
793 0 |g Digitalia eBook Collection:  |a Editorial Paidotribo 
776 0 8 |i Print version:  |a Ruglioni, Giuseppe, 1953-  |s Unificazione mente-corpo e Ki Aikido. Spanish (Pradas Aguilar).  |t Ki aikido.  |b 2a edición.  |d Barcelona : Editorial Paidotribo, [2010]  |z 9788480196833 
856 4 0 |3 Digitalia Hispánica  |u https://www.digitaliapublishing.com/a/159949/ 
910 |a Premium collection: 2026